Návrh opatrení na zdokonalenie systému motivácie zamestnancov v spoločnosti AUDIA Plastics s.r.o.

Na minha lista:
Detalhes bibliográficos
Autor principal: Beníčková, Nikola (Author)
Outros Autores: Čambál, Miloš (Thesis advisor)
Formato: Manuscrito Livro
Idioma:eslovaco
Publicado em: 2017
Assuntos:
Acesso em linha:http://is.stuba.sk/zp/portal_zp.pl?podrobnosti=115241
Tags: Adicionar Tag
Sem tags, seja o primeiro a adicionar uma tag!

MARC

LEADER 00000ntm a22000003a 4500
001 stuzp61828
003 SK-STU
005 20170701210447.8
007 ta
008 150427s2015----xo-----f-mn---000-0-slo-d
040 |a STU  |b slo 
041 0 |a slo 
100 1 |a Beníčková, Nikola  |u 064000  |4 aut  |U MTF Materiálovotechnologická fakulta  |T MTF Ústav priemyselného inžinierstva a manažmentu  |X 54573  |U M4000  |Y 84  |7 54573 
242 0 1 |a A Proposal of Measures for the Improvement of the System of Employee Motivation in AUDIA Plastics S.R.O.  |y eng 
245 1 0 |a Návrh opatrení na zdokonalenie systému motivácie zamestnancov v spoločnosti AUDIA Plastics s.r.o. 
260 |c 2017 
650 4 |a motivácia  |2 slo 
650 4 |a benefity  |2 slo 
650 4 |a motivačné teórie  |2 slo 
650 4 |a zamestnanci  |2 slo 
650 4 |a motivation  |2 eng 
650 4 |a employees  |2 eng 
650 4 |a benefits  |2 eng 
650 4 |a theories of motivation  |2 eng 
700 1 |a Čambál, Miloš  |u 064000  |k Z1  |4 ths  |U MTF Materiálovotechnologická fakulta  |T MTF Ústav priemyselného inžinierstva a manažmentu  |X 279  |U M4000  |Y 84  |7 A000000279 
856 4 |u http://is.stuba.sk/zp/portal_zp.pl?podrobnosti=115241 
996 |c M* BP-7897  |l MMSKP  |s P  |a 0  |w stuzp61828_0001